Atlas zur Geschichte des Islam
| 1. VerfasserIn: | |
|---|---|
| Beteiligte: | |
| Medienart: | Druck Karte |
| Sprache: | Deutsch |
| Subito Bestelldienst: | Jetzt bestellen. |
| Verfügbarkeit prüfen: | HBZ Gateway |
| WorldCat: | WorldCat |
| Fernleihe: | Fernleihe für die Fachinformationsdienste |
| Veröffentlicht: |
[Darmstadt]
Primus-Verl.
2001
|
| In: | Jahr: 2001 |
| normierte Schlagwort(-folgen): | B
Islam
/ Geschichte
B Geschichte |
| weitere Schlagwörter: | B
Islam
History
B Atlas B Islam B Islam History Maps B Islamic civilization B Geschichte B historical overview B Historischer Überblick B Zeittafel B Islamic civilization Maps |
MARC
| LEADER | 00000cam a2200000 c 4500 | ||
|---|---|---|---|
| 001 | 32810163X | ||
| 003 | DE-627 | ||
| 005 | 20251222220224.0 | ||
| 007 | tu | ||
| 008 | 010419s2001 gw ||||| 00| ||ger c | ||
| 015 | |a 01,A21,1878 |2 dnb | ||
| 016 | 7 | |a 961277866 |2 DE-101 | |
| 020 | |a 3896781944 |c Pp. : DM 98.00, EUR 50.11 |9 3-89678-194-4 | ||
| 035 | |a (DE-627)32810163X | ||
| 035 | |a (DE-576)091335582 | ||
| 035 | |a (DE-599)GBV32810163X | ||
| 035 | |a (OCoLC)610945119 | ||
| 035 | |a (OCoLC)46776333 | ||
| 035 | |a (OCoLC)610945119 | ||
| 040 | |a DE-627 |b ger |c DE-627 |e rakwb | ||
| 041 | |a ger | ||
| 044 | |c XA-DE |c XA-DE-HE | ||
| 050 | 0 | |a DS35.62 | |
| 082 | 0 | |a 297.0223 |q BSZ | |
| 084 | |a Enl |2 asb | ||
| 084 | |a GESCH 815 |2 sfb | ||
| 084 | |a REL 130 |2 sfb | ||
| 084 | |a 63 |a 13 |a 62 |2 sdnb | ||
| 084 | |a 6,23 |2 ssgn | ||
| 084 | |a RB 10226 |q OBV |2 rvk |0 (DE-625)rvk/142220:12664 | ||
| 084 | |a RB 10814 |q OBV |2 rvk |0 (DE-625)rvk/142220:12869 | ||
| 084 | |a BE 8600 |2 rvk |0 (DE-625)rvk/10769: | ||
| 084 | |a EH 5400 |2 rvk |0 (DE-625)rvk/23780: | ||
| 084 | |a NC 7300 |2 rvk |0 (DE-625)rvk/124799: | ||
| 084 | |a NK 4000 |2 rvk |0 (DE-625)rvk/125969: | ||
| 084 | |a RB 10820 |2 rvk |0 (DE-625)rvk/142220:12875 | ||
| 084 | |a 15.21 |2 bkl | ||
| 100 | 1 | |0 (DE-588)122829743 |0 (DE-627)082179859 |0 (DE-576)16169599X |4 aut |a Kettermann, Günter |d 1919- | |
| 109 | |a Kettermann, Günter 1919- |a Kettermann, G. 1919- | ||
| 245 | 1 | 0 | |a Atlas zur Geschichte des Islam |c Günter Kettermann. Mit einer Einl. von Adel Theodor Khoury |
| 264 | 1 | |a [Darmstadt] |b Primus-Verl. |c 2001 | |
| 300 | |a VI, 186 S |b Ill., graph. Darst., zahlr. Kt |c 33 cm | ||
| 336 | |a kartografisches Bild |b cri |2 rdacontent | ||
| 337 | |a ohne Hilfsmittel zu benutzen |b n |2 rdamedia | ||
| 338 | |a Band |b nc |2 rdacarrier | ||
| 500 | |a Literaturverz. S. 178 - 180 | ||
| 650 | 4 | |a Islam |x History | |
| 650 | 4 | |a Islam |x History |x Maps | |
| 650 | 4 | |a Islamic civilization | |
| 650 | 4 | |a Islamic civilization |x Maps | |
| 650 | 4 | |a Geschichte | |
| 650 | 4 | |a Atlas | |
| 650 | 4 | |a Islam | |
| 650 | 4 | |a Historischer Überblick | |
| 650 | 4 | |a Zeittafel | |
| 650 | 4 | |a historical overview | |
| 655 | 7 | |a Atlas |0 (DE-588)4143303-8 |0 (DE-627)105606529 |0 (DE-576)209725206 |2 gnd-content | |
| 655 | 7 | |a Zeittafel |0 (DE-588)4190631-7 |0 (DE-627)104105143 |0 (DE-576)21006806X |2 gnd-content | |
| 689 | 0 | 0 | |d s |0 (DE-588)4027743-4 |0 (DE-627)106283499 |0 (DE-576)20897220X |2 gnd |a Islam |
| 689 | 0 | 1 | |q z |2 gnd |a Geschichte |
| 689 | 0 | |5 DE-101 | |
| 689 | 1 | 0 | |q z |2 gnd |a Geschichte |
| 689 | 1 | |5 (DE-627) | |
| 700 | 1 | |0 (DE-588)11892446X |0 (DE-627)035262877 |0 (DE-576)161699391 |4 oth |a Khoury, Adel Theodor |d 1930-2023 | |
| 889 | |w (DE-627)59831699X | ||
| 935 | |a mteo | ||
| 935 | |i Blocktest | ||
| 936 | r | v | |a RB 10226 |b Kartenarten, Kartenwerke, Atlanten, Faltblätter |k Geografie |k Nicht regional gebundene Darstellungen |k Allgemeine Geografie |k Mathematische Geografie und Physiogeografie |k Mathematische Geografie und Kartografie |k Kartografie |k Teilgebiete und Einzelfragen |k Kartenarten, Kartenwerke, Atlanten, Faltblätter |0 (DE-627)1270823205 |0 (DE-625)rvk/142220:12664 |0 (DE-576)200823205 |
| 936 | r | v | |a RB 10814 |b Geografie der Religionsgruppen |k Geografie |k Nicht regional gebundene Darstellungen |k Allgemeine Geografie |k Anthropogeografie |k Sozialgeografie und Politische Geografie |k Teilgebiete und Einzelfragen |k Geografie der Religionsgruppen |0 (DE-627)1271485826 |0 (DE-625)rvk/142220:12869 |0 (DE-576)201485826 |
| 936 | r | v | |a BE 8600 |b Allgemeines, Einführungen, Gesamtdarstellungen |k Theologie und Religionswissenschaften |k Religionswissenschaft |k Religionsgeschichte |k Islam |k Allgemeines, Einführungen, Gesamtdarstellungen |0 (DE-627)1270654160 |0 (DE-625)rvk/10769: |0 (DE-576)200654160 |
| 936 | r | v | |a EH 5400 |b Religion |k Allgemeine und vergleichende Sprach- und Literaturwissenschaft. Indogermanistik. Außereuropäische Sprachen und Literaturen |k Altaische Sprachen |k Turksprachen (Türksprachen) (Turkologie) |k Türkisch im engeren Sinne (Türkeitürkisch, Osmanisch) (einschließl. der türkischen Dialekte in Südosteuropa und Gagausisch) |k Realien (zu Türkisch im engeren Sinn) |k Religion |0 (DE-627)1271227991 |0 (DE-625)rvk/23780: |0 (DE-576)201227991 |
| 936 | r | v | |a NC 7300 |b Historische Atlanten |k Geschichte |k Historische Hilfsmittel |k Atlanten und Karten |k Atlanten, Kartensammlungen und Einzelkarten |k Historische Atlanten |0 (DE-627)1270820745 |0 (DE-625)rvk/124799: |0 (DE-576)200820745 |
| 936 | r | v | |a NK 4000 |b Türkei, Osmanisches Reich |k Geschichte |k Weltgeschichte, Darstellungen Allgemeine Geschichte einzelner Staaten und Völker Teilgebiete der Geschichte, Sammelwerke |k Weltgeschichte und allgemeine Geschichte der Staaten und Völker |k Weltgeschichte |k Naher Osten und Nordafrika |k Türkei, Osmanisches Reich |0 (DE-627)1271457415 |0 (DE-625)rvk/125969: |0 (DE-576)201457415 |
| 936 | r | v | |a RB 10820 |b Allgemeines |k Geografie |k Nicht regional gebundene Darstellungen |k Allgemeine Geografie |k Anthropogeografie |k Historische Geografie |k Allgemeines |0 (DE-627)1271500701 |0 (DE-625)rvk/142220:12875 |0 (DE-576)201500701 |
| 936 | b | k | |a 15.21 |j Geschichte großer Gebietsräume |q coli-conc RVK->BK |q https://coli-conc.gbv.de/api/mappings/a33218cc-d53d-422f-86bd-b0fd7f79ff16 |0 (DE-627)106404644 |
| 951 | |a BO | ||
| ELC | |b 1 | ||
| ORI | |a SA-MARC-ixtheo_oa001.raw | ||
| REL | |a 1 | ||
| STA | 0 | 0 | |a Atlas,World atlas,Picture atlas,Illustrated atlas,History,History,History in art,Islam,Islam,Timetable |
| STB | 0 | 0 | |a Atlas,Chronologie,Histoire,Histoire,Histoire,Islam,Islam |
| STC | 0 | 0 | |a Atlas,Historia,Historia,Historia,Islam,Islam,Tabella cronológica |
| STD | 0 | 0 | |a Atlante,Islam,Islam,Storia,Storia,Tabella cronologica,Cronologia,Cronologia |
| STE | 0 | 0 | |a 伊斯兰教,伊斯兰教,回教,回教,历史,史,地图册 |
| STF | 0 | 0 | |a 伊斯蘭教,伊斯蘭教,回教,回教,地圖冊,时间轴,歷史,史 |
| STG | 0 | 0 | |a Atlas,História,História,Islã,Islã,Tabela cronológica |
| STH | 0 | 0 | |a Атлас,Ислам (мотив),Ислам,История (мотив),История,Хронологическая таблица |
| STI | 0 | 0 | |a Άτλας,Ισλάμ (μοτίβο),Ισλάμ,Ιστορία (μοτίβο),Ιστορία,Χρονολογικός πίνακας |
| SUB | |a REL | ||
| SYE | 0 | 0 | |a Islam , Islam , History,Geschichtliche Epoche,Historical development,Historische Entwicklung,Landesgeschichte,Regionalgeschichte,Ortsgeschichte,Zeitgeschichte , Madrider Atlas,Biblioteca Nacional de España,Departamento de Manuscritos,Ms. Res. 266,Atlas Madritensis,Biblioteca Nacional de España,Departamento de Manuscritos,Ms. Res. 266 , Weltatlas,Bildatlas,Topographischer Atlas,Topografischer Atlas,Atlanten , Atlasgebirge , Islam , Synchronistische Tabelle,Chronologie,Synchronopse |
| SYG | 0 | 0 | |a Islam , History,Geschichtliche Epoche,Historical development,Historische Entwicklung,Landesgeschichte,Regionalgeschichte,Ortsgeschichte,Zeitgeschichte , History,Geschichtliche Epoche,Historical development,Historische Entwicklung,Landesgeschichte,Regionalgeschichte,Ortsgeschichte,Zeitgeschichte |